| Tag |
First Indicator |
Second Indicator |
Subfields |
| LEADER |
00000cam a2200000 4500 |
| 001 |
in00000065337 |
| 005 |
20151008051827.0 |
| 008 |
751209s1954 caud b 00010 eng |
| 010 |
|
|
|a 55062281
|
| 035 |
|
|
|a (OCoLC)01885254
|
| 035 |
|
|
|9 AAH0222AM
|
| 040 |
|
|
|a DLC
|c FQG
|d TXA
|d UtOrBLW
|
| 049 |
|
|
|a TXAM
|c [241997]
|
| 050 |
0 |
0 |
|a HV9105
|b .C273
|
| 082 |
0 |
|
|a 364.722
|
| 092 |
|
|
|a 364.36
|b C153c
|
| 110 |
1 |
|
|a California.
|b Governor's Advisory Committee on Children and Youth.
|
| 245 |
1 |
0 |
|a California children in detention and shelter care ;
|b a study to determine the type and extent of detention and shelter care in California and what is being done through protective services to prevent separation of children and youth from their families /
|c California Committee on Temporary Child Care. Editor: Gertrude H. Hengerer.
|
| 264 |
|
1 |
|a Los Angeles,
|b [publisher not identified] ;
|c 1954.
|
| 300 |
|
|
|a xx, 123 pages :
|b tables. ;
|c 28 cm.
|
| 336 |
|
|
|a text
|b txt
|2 rdacontent
|
| 337 |
|
|
|a unmediated
|b n
|2 rdamedia
|
| 338 |
|
|
|a volume
|b nc
|2 rdacarrier
|
| 504 |
|
|
|a Bibliography: pages 122-123.
|
| 650 |
|
0 |
|a Juvenile detention homes
|z California.
|
| 650 |
|
0 |
|a Child welfare
|z California.
|
| 999 |
|
|
|a MARS
|
| 999 |
f |
f |
|s 1602dd53-74a7-337c-a23a-6584f2258390
|i 757160ec-7f24-3db7-b715-7f208fa4093b
|t 0
|
| 952 |
f |
f |
|p ric
|a Texas A&M University
|b Rellis Campus
|c Joint Library Facility
|d Remote Storage
|t 0
|e HV9105 .C273
|h Library of Congress classification
|i unmediated -- volume
|m A14800813450
|
| 998 |
f |
f |
|a HV9105 .C273
|t 0
|l Remote Storage
|